Les français(es) qui ont déjà été au MET GALA - Statistiques

Statistiques générales
  • Ce quiz a été pris 229 fois
    32 depuis la dernière actualisation
  • Le résultat moyen est 9 sur 45
Statistiques - réponses
Année Métier Initiales Personnalité % Correct
2022, 2024, 2026 Influenceuse / Entrepreuse LM Léna Mahfouf
96%
2026 Chanteuse Y Yseult
58%
2009, 2010, 2012, 2013, 2014, 2023 Actrice MC Marion Cotillard
46%
2001, 2016 Couturier / Styliste / Homme d'affaires JPG Jean Paul Gaultier
42%
1983, 2017 Actrice / Productrice CD Catherine Deneuve
38%
2026 Grand mère d'un célèbre couturier LJ Liline Jacquemus
38%
2023, 2026 Styliste / Homme d'affaires SPJ Simon Porte Jacquemus
38%
2005 Actrice / Chanteuse / Mannequin VP Vanessa Paradis
38%
1996 Actrice / Chanteuse IA Isabelle Adjani
31%
1996 Homme d'affaires BA Bernard Arnault
27%
2014, 2021, 2024 Actrice / Productrice IH Isabelle Huppert
27%
2014, 2017 Mannequin / Actrice LC Laetitia Casta
27%
2016, 2017 Actrice LS Léa Seydoux
27%
2016, 2017, 2019, 2021, 2026 Actrice / Mannequin LRD Lily-Rose Depp
27%
2015 Actrice / Réalisatrice / Productrice / Chanteuse ML Mélanie Laurent
27%
2022 Actrice CC Camille Cottin
23%
2006, 2007, 2008, 2010, 2018, 2019, 2026 Actrice / Chanteuse CG Charlotte Gainsbourg
23%
2011 Homme d'affaires FHP Francois-Henri Pinault
23%
2014, 2015 Actrice AE Adèle Exarchopoulos
19%
2024 Chanteuse AN Aya Nakamura
19%
2025 Danseur Étoile GD Guillaume Diop
19%
2021 Artiste contemporain JR JR
19%
2023 Mannequin / Chanteuse CB Carla Bruni
15%
2026 Mannequin LB Loli Bahia
15%
1996 Actrice EB Emmanuelle Béart
12%
2008, 2009 Actrice / Chanteuse / Mannequin LD Lou Doillon
12%
1982 Couturier PC Pierre Cardin
12%
2008 Actrice AT Audrey Tautou
8%
2009 Danseur / Réalisateur BM Benjamin Millepied
8%
1976 Couturier HDG Hubert de Givenchy
8%
2018 Actrice / Danseuse JB Juliette Binoche
8%
2015, 2018, 2023, 2024, 2025 Styliste OR Olivier Rousteing
8%
2025 Acteur OS Omar Sy
8%
2017 Actrice / Mannequin AV Aymeline Valade
4%
1980, 1981, 1983 Actrice CC Claudette Colbert
4%
2010, 2011, 2012, 2013, 2015 Mannequin CJ Constance Jablonski
4%
2024 Actrice EM Emma Mackey
4%
1980, 1984, 1996 Femme d'affaires / Productrice / Styliste JDR Jacqueline de Ribes
4%
2018 Mannequin / Entrepreneuse / Actrice JD Jeanne Damas
4%
1980, 1981, 1984, 1985, 1986, 1987, 1988 Femme d'affaires / Créatrice de mode PP Paloma Picasso
4%
2017 Actrice / Danseuse SB Sofia Boutella
4%
2014, 2016, 2017 Actrice SM Stacy Martin
4%
2021 Acteur TC Timothée Chalamet
4%
2022 Homme d'affaires / Styliste AM Alexandre Mattiussi
0%
2004, 2018, 2019 Styliste NG Nicolas Ghesquière
0%
Aucun quiz correspondant
Distribution des résultats
% des personnes avec chaque résultat
Percentile par nombre de réponses
Votre historique - résultats
Vous n’avez pas pris ce quiz depuis la dernière actualisation